000 00390nam a2200145 4500
001 139404
003 ES-MaACL
007 t|
008 070214s1928 gw r ||||1| ger d
100 1 _aSchaefer, Wilhelm.
_9104186
245 1 0 _aDie anekdoten /
_cWilhelm Schèafer.
260 _aMünchen :
_bGeorg Müller,
_c1928.
300 _a346 p. ;
_c20 cm.
852 _aES-MaACL
_jB-9179
_bR.18772
999 _c139404
_d139404